Statistics for Bio-Psychology

Click here to take the quiz!

General Stats

  • This quiz has been taken 14 times
  • The average score is 5 of 14

Answer Stats

HintAnswer% Correct
What does the CNS stand for?Central Nervous System
73%
What does the PNS stand for?Parasympathetic Nervous System
73%
What does the PNS stand for?Peripheral Nervous System
73%
What does the SNS stand for?Sympathetic Nervous System
73%
What does the ANS stand for?Autonomic Nervous System
64%
What does the Spinal Cord do?connects the brain and muscles, controls reflexes and automatic actions
64%
What does the SNS stand for?Somatic Nervous System
64%
What does the PNS do?sensory information to and from CNS and muscles and glands
9%
What does the Brain do?center of consciousness
0%
What does the CNS do?central control system
0%
What does the SNS do?controls skeletal muscles
0%
What does the SNS do?raised state of arousal
0%
What does the ANS do?regulates involuntary processes, transmits information to organs
0%
What does the PNS do?resting state of arousal
0%

Score Distribution

Percentile by Number Answered

Percent of People with Each Score

Your Score History

You have not taken this quiz